Statistiques concernant Discographie des Rappeurs Fr

Cliquez ici pour prendre le quiz!

Statistiques générales

  • Ce quiz a été pris 175 fois
  • Le résultat moyen est 66 sur 117

Statistiques - réponses

QuestionTuileSelect% Correct
Titres de NinhoLettre à une femmeOui
97%
Titres de NinhoJ'attendsNon
93%
Titres de NinhoNouvelle EreNon
93%
Titres de KaarisEn HautNon
90%
Titres de JosmanMacarenaNon
88%
Titres de NinhoPepitoNon
88%
Titres de SCHEn LégendeNon
86%
Titres de SCHMarieNon
85%
Titres de NinhoDemainNon
84%
Titres de PNLDeux FreresOui
84%
Titres de PNLMon batNon
83%
Titres de PNLCorsicaNon
80%
Titres de BoobaMes YeuxNon
80%
Titres de BoobaPiegeNon
80%
Titres de JosmanTrop TardNon
80%
Titres de JosmanJ'aime bien!Oui
79%
Titres de GazoTRICHEURNon
79%
Titres de GazoBAWNon
78%
Titres de GazoFLEURSOui
78%
Titres de JosmanJeune FilleNon
78%
Titres de PNLJ'fumeNon
78%
Titres de BoobaD.U.COui
76%
Titres de NapsLe JNon
76%
Titres de PNLNahaOui
76%
Titres de Freeze CorleoneDestinNon
75%
Titres de JosmanMa vieNon
75%
Titres de SCHNumero 19Non
75%
Titres de BoobaBouchon de LiegeNon
73%
Titres de NekfeuJeux dangereuxNon
73%
Titres de NapsManyNon
73%
Titres de PNL91'sOui
72%
Titres de BoobaSans peineNon
72%
Titres de SCHAllo mamanOui
71%
Titres de KaarisMon GlockNon
71%
Titres de NapsEn detenteOui
70%
Titres de Freeze CorleoneBolide AllemandNon
69%
Titres de GazoKASSAVOui
69%
Titres de NinhoMalcolmOui
68%
Titres de GazoGAZONon
67%
Titres de BoobaKalashOui
67%
Titres de PNLBambinaOui
66%
Titres de KaarisChargéOui
66%
Titres de NekfeuPrincesseOui
66%
Titres de NapsPochon BleuOui
65%
Titres de KaarisSe-vrakOui
65%
Titres de Freeze CorleoneTFCNon
65%
Titres de NekfeuFumée nociveNon
64%
Titres de JosmanAilleursOui
63%
Titres de Freeze CorleoneHors ligneOui
63%
Titres d'OrelsanMauvaise GraineNon
63%
Titres d'OrelsanSuicide SocialOui
63%
Titres de NapsVitres teintéesNon
63%
Titres de PNLSur PanameOui
62%
Titres de JosmanBrûleOui
61%
Titres d'OrelsanJour MeilleurOui
61%
Titres de KaarisArgent NoirNon
60%
Titres de KaarisDozoOui
60%
Titres de GazoEUPHONOui
60%
Titres de Alpha WannMJNon
59%
Titres de NapsVodka PiscineNon
59%
Titres de KaarisDouble FuckOui
58%
Titres de Freeze CorleoneJeremy LinOui
57%
Titres de GazoGANGXNon
56%
Titres de SCHLe codeOui
56%
Titres de NekfeuReveurNon
55%
Titres de NekfeuPlumeOui
54%
Titres de GazoA$APOui
52%
Titres de JosmanJ'allumeOui
52%
Titres de Freeze CorleoneJour de plusOui
52%
Titres de KekraRegarde !Non
52%
Titres de SCHMAC 11Oui
51%
Titres de NinhoBig PacOui
50%
Titres de Alpha Wannfull blackNon
50%
Titres de BoobaBoulbiOui
49%
Titres de KekraDevant MoiNon
49%
Titres de NapsLa MaxanceOui
49%
Titres de KekraDark SunNon
48%
Titres de NekfeuSaturneOui
48%
Titres de Freeze CorleoneBaton RougeOui
47%
Titres de NapsN.A.P.SNon
46%
Titres de SCHScélératNon
46%
Titres d'OrelsanBaise le mondeOui
44%
Titres de Alpha WannmitsubishiOui
44%
Titres de Freeze CorleoneSecte part.3Non
44%
Titres de JosmanB*$*Non
42%
Titres de NinhoPour NousOui
41%
Titres de Alpha Wannny à fondOui
40%
Titres de PNLLalaOui
39%
Titres de KekraPutain de salaireOui
38%
Titres de KekraVréalitéOui
38%
Titres de GazoBECTOui
37%
Titres de KaarisCigaretteOui
37%
Titres de NapsLe zin / La zineOui
37%
Titres de BoobaJour de payeOui
36%
Titres de NekfeuMon ameOui
36%
Titres de NinhoMonotonieOui
35%
Titres de KaarisJe BibiOui
33%
Titres d'OrelsanSoirée RatéeOui
31%
Titres de Kekra9 MilliOui
30%
Titres de SCHCervelleOui
30%
Titres de NekfeuLe bruit de ma villeOui
30%
Titres d'OrelsanFinir MalOui
28%
Titres de Alpha WannPistolet Rose 3Non
28%
Titres de KekraKKRNon
27%
Titres de BoobaTallacOui
27%
Titres de KekraNuagesOui
26%
Titres de Alpha WannBarceloneOui
24%
Titres de KekraDans l'dosOui
24%
Titres de NekfeuOui et nonOui
22%
Titres de SCHX2Oui
21%
Titres d'OrelsanZoneOui
20%
Titres de Alpha WannMACROOui
19%
Titres de Alpha Wann1500Oui
18%
Titres d'Orelsan1990Oui
16%
Titres d'Orelsan50 PourcentsOui
16%
Titres de Alpha WannShanghaiOui
16%
Titres de Freeze CorleoneFraudeOui
15%

Distribution des résultats

Percentile par nombre de réponses

% des personnes avec chaque résultat

Votre développement - résultats

Vous n’avez pas pris ce quiz